00689 2200241 4500001002100000005001700021008004100038020002200079035002500101040001200126082000800138090001900146100002500165245009300190250001100283260003500294300003100329500002700360650001400387700001300401850001200414990002100426INLIS00000000000265620150317141244.0  a978-602-7695-27-6 a0010-081400000052246 aYOPDYOG a793 aDEPb793 Suk K aSUKU RADJA, AR, 1968 aKumpulan puzzle kertas paling mendidik untuk anakc/ AR. Suku Radja; penyunting Mahadewa aCet. 1 aYogyakartabLaksana Kidsc2013 a62 hlm.b: ilus.c; 26 cm. aBibliografi : hlm. 123 aPermainan aMahadewa aYOPDYOG aCB-D.112013-1547